Random F1 Quiz - Statistics

General Stats
  • This quiz has been taken 30 times
  • The average score is 7 of 11
Answer Stats
Hint Answer % Correct
The colour of medium tyres Yellow
96%
The year Max Verstappen made his f1 Debut 2015
78%
The year F1 began 1950
74%
The country that Interlagos is located Brazil
74%
The colour of the flag indicates a slow car on track Blue
70%
The prancing horse Ferrari
70%
The driver that finished on the podium every race of the 2002 season Michael Schumacher
70%
The temple of speed Monza
65%
The team Fernando Alonso drove for when he won his championships Renault
61%
Who said 'enjoy the butterflies'? Daniel Ricciardo
39%
______ lap - the fast lap a driver completes during quali Flying
30%
No matching quizzes found
Score Distribution
Percent of People with Each Score
Percentile by Number Answered
Your Score History
You have not taken this quiz